RuneScape Fertigkeiten - Statistiken

Allgemein
  • Dieses Quiz wurde 3 mal gespielt
  • Das Durchschnittsergebnis liegt bei 14 aus 23
Antwortstatistiken
# Antwort % Korrekt
15 Kochen
100%
18 Magie
100%
1 Angriff
67%
3 Bergbau
67%
19 Pflanzenkunde
67%
7 Fernkampf
67%
8 Fischen
67%
10 Gebet
67%
12 Handwerk
67%
13 Holzfällerei
67%
16 Landwirtschaft
67%
17 Lebenspunkte
67%
20 Runenfertigung
67%
21 Schmieden
67%
22 Stärke
67%
23 Verteidigung
67%
2 Baukunst
33%
4 Berserker
33%
5 Bognerei
33%
6 Diebstahl
33%
9 Funkenschlagen
33%
11 Gewandtheit
33%
14 Jagen
33%
Keine übereinstimmenden Quizze gefunden
Verteilung der Resultate
Anzahl Personen mit jedem Resultat
Perzentil nach korrekt beantworteten Fragen
Ihre Resultats-Entwicklung
Sie haben dieses Quiz noch nicht gespielt